000 00462cam a2200181ua 4500
001 1553
005 20260515113341.0
008 110712n ii |||gr||||Z||||||eng
040 _cMAIN
082 _a330.01
100 1 _aGoswami, Atul,
_eAuthor.
245 1 _aArthabigyanar multattva
_cby Atul Goswami
260 _aDibrugarh:
_bStudents emporium,985.
300 _a363p:
_bill;
_c23cm.
653 _aeconomics
653 _aprinciples of economics
942 _cBK
999 _c1440
_d1440